000 00775nam a2200181 i 4500
001 173696
003 ES-MaACL
005 20230906215322.0
008 100111s1876 xxu |||| | eng d
100 1 _aWines, Enoch Cobb (
_d1806-1879)
_9117073
245 1 0 _aFourth National Prison Reform Congress of the United States /
_c[E. C. Wines].
260 _a[S.l. :
_bs.n.,
_c1876?]
300 _a[4] p. ;
_c22 cm.
594 _aDatos tomados del principio y final del texto.
650 4 _aEstablecimientos penitenciarios-
_zEstados Unidos.
_912516
650 4 _aEstablecimientos penitenciarios-
_vCongresos y asambleas.
_9163123
852 _aES-MaACL
_jD-165(11)
_z- Encuadernado en vol. facticio, en el lomo: Estudios penitenciarios, 5
_z.- Donativo Lastres
_q- Ejemp. sin port.
999 _c173696
_d173696